Aston Villa 2020's Starting XI - Statistics

General Stats
  • This quiz has been taken 4,090 times
    1,548 since last reset
  • The average score is 18 of 28
Answer Stats
Player % Correct
Emiliano Martínez
100%
Matty Cash
96%
Ollie Watkins
96%
Leon Bailey
93%
John McGinn
90%
Lucas Digne
89%
Ezri Konsa
88%
Pau Torres
88%
Youri Tielemans
88%
Douglas Luiz
85%
Tyrone Mings
80%
Amadou Onana
79%
Boubacar Kamara
76%
Emi Buendía
75%
Morgan Rogers
70%
Bertrand Traoré
63%
Moussa Diaby
59%
Trézéguet
55%
Jack Grealish
53%
Jacob Ramsey
40%
Matt Targett
39%
Wesley
37%
Anwar El Ghazi
34%
Ross Barkley
32%
Danny Ings
28%
Tom Heaton
25%
Ashley Young
23%
Frederic Guilbert
19%
No matching quizzes found
Score Distribution
Percent of People with Each Score
Percentile by Number Answered
Your Score History
You have not taken this quiz since the last reset